03778njm a2200469Ia 450000100060000000300090000600500170001500800410003204000130007304000130008604100130009910000110011210000180012310000380014124500600017925000110023926000110025026000450026130000100030650000620031650505300037851100900090851101460099851101930114451100900133751100640142751101840149151100970167551100830177251100930185551101340194851100890208251101250217165000470229670001160234370001140245970001260257370002360269970001080293570001050304370001600314823801IT-RoPAU20220918181125.0131025s9999 xx 000 0 und d aIT-RoPAU cIT-RoPAU aITALIANO aAA.VV. eAutore musica gCodice autore musica SPICS: 12000 aSplendori della lirica italiana-vol.2 (Lp Decca Oph 11) a1a ed. aLONDON bDECCA RECORD COMPANYc1971 [1a Ed.:1971] aDISCO aMusica operistica. Musica classica. Opera lirica italiana aIl barbiere di Siviglia: largo al factotum - La Sonnambula: vi ravviso/Ah! non giunge (Corena/Suther.) - Lucia di Lammermoor: chi mi frena (sestetto atto II) - Rigoletto: la donna è mobile - La Traviata: preludio atto I Un dì felice - Il Trovatore: stride la vampa, Di quella pira - Aida: celeste Aida (Bergonzi/Gavazzeni) - Cavalleria rusticana: no, no Turiddu - I Pagliacci: vesti la giubba - La Boheme: o soave fanciulla, Donde lieta uscì - Madama Butterfly: un bel dì vedremo - Otello: esultate!, Piangea cantando aEttore Bastianini & Orchestra del Maggio Musicale Fiorentino diretti da Erede Alberto aCorena Fernando, Sutherland Joan, Elkins M., Monti N., Foiani G. & Orchestra e Coro del Maggio Musicale Fiorentino diretti da Bonynge Richard aOrchestra e Coro Accademia Nazionale di Santa Cecilia diretta da Pritchard. Interpreti: John Sutherland, Joan Cioni, Renato Merrill, Robert Siepi, Cesare MacDonald, Kennethsatre Ana Raquel aLuciano Pavarotti & Royal Opera House Orchestra, Covent Gard diretti da Downes Edward aDeutsche Opera Orchestra di Berlino diretta da Maazel Lorin aSimionato Giulietta e Orchestra del Maggio Musicale Fiorentino diretti da Erede Alberto; Di quella pira: McGraken James & Orchestra dell'Opera di Vienna Diretta Dadietfried Bernet aBergonzi Carlo e Orchestra dell'Accademia Naz. S. Cecilia-Rm diretti da Gavazzeni Gianandrea aSuliotis Elena, Del Monaco Mario e Orchestra di Roma diretti da Varviso Silvio aDel Monaco Mario e Orchestra dell'Accademia Naz. S. Cecilia diretti da Pradelli Molinari aTebaldi Renata, Bergonzi Carlo, Ettore Bastianini e Orchestra Dell'Accademia Nazionale di Santa Cecilia diretti da Serafin Tullio aTebaldi Renata & Orchestra Nazionale di S. Cecilia in Roma diretti da Serafin Tullio aDel Monaco Mario, Tebaldi Renata e l'Orchestra e Coro dell'Accademia Nazionale di Santa Cecilia diretti da Erede Alberto aOPERA [DISCHI]eCodice MATERIA SPICS: 9950 aRossini GioachinodCodice autore musica SPICS: 11125eAutore musicapIl barbiere di Siviglia: largo al factotum aBellini VincenzodCodice autore musica SPICS: 10722eAutore musicapLa Sonnambula: vi ravviso/Ah! non giunge  aDonizetti GaetanodCodice autore musica SPICS: 10737eAutore musicapLucia di Lammermoor: chi mi frena (sestetto atto II) aVerdi GiuseppedCodice autore musica SPICS: 89eAutore musicapRigoletto: la donna è mobile - La Traviata: preludio atto I - Trovatore (Il): stride la vampa-Di quella pira - Aida: celeste Aida - Otello: esultate!-Piangea cantando aMascagni PietrodCodice autore musica SPICS: 11012eAutore musicapCavalleria rusticana: no, no Turiddu aLeoncavallo RuggierodCodice autore musica SPICS: 11470eAutore musicapI Pagliacci: vesti la giubba aPuccini GiacomodCodice autore musica SPICS: 11082eAutore musicapLa Boheme: o soave fanciulla, Donde lieta uscì - Madama Butterfly: un bel dì vedremo